| 000 | 00602nam a2200169Ia 4500 | ||
|---|---|---|---|
| 001 | 8872 | ||
| 003 | GE_BSU | ||
| 008 | 181216s||||||||xx |||||||||||||| ||und|| | ||
| 040 | _cGE_BSU | ||
| 245 | _aლიტერატურული პალიტრა. №3.მარტი(114)2014. | ||
| 245 | _cპროექტ.ავტ.თამარ მამაცაშვილი.მთ. რედ. ზ. ჩხეიძე | ||
| 260 | _bპალიტრა L | ||
| 260 | _c2014 | ||
| 300 | _a174გვ,28სმ | ||
| 653 | _aლიტერატურული პალიტრა | ||
| 942 | _cCR | ||
| 999 |
_c42179 _d42179 |
||